Quizzes
Events
Quiz Creation
Community
Videos
Private Events
Remove Ads
Sign In
Join for FREE
Feedback
Dark Mode
Quiz Categories
Sports
Geography
Music
Movies
Television
Just For Fun
Miscellaneous
History
Literature
Language
Science
Gaming
Entertainment
Religion
Holiday
For Kids
Quiz Lab
Recent
Popular Today
Quiz Kudos Today
Editor Picks
Curator Picks
Quizzes by...
Day
Popularity
Type
Ratings
Length
Year
Community
Subscriptions
Recent Discussions
Orange Saloon
Badges
Playlists
Quests
Create
Leaderboards
Showdown
Live 5
Trivia Bingo
Activity
Puzzle Library
Sporcle Events
Private Events
Virtual Trivia
Globe League
Become a Host
Pub Owners
SporcleCon
Opinionation
Our Games
Videos
Blog
Mobile Apps
Partnerships
Remove Ads and Go Orange
Feedback
Sports
Athletes
MLB
NBA
NHL
NFL
Soccer
Sports Teams
WWE
NCAA
Football
Premier League
Basketball
Baseball
Hockey
Golf
Tennis
Cricket
Rugby
Auto Racing
Olympics
World Cup
Sports
Athletes
MLB
NBA
NHL
NFL
Soccer
Sports Teams
WWE
NCAA
Football
Premier League
Basketball
Baseball
Hockey
Golf
Tennis
Cricket
Rugby
Auto Racing
Olympics
World Cup
Random Quiz
Search Sporcle
×
Quiz Lab
Quiz Lab
Sports
Football
Type in answers that appear in a list
Type in answers that appear in a list
Classic
Best Score? Go Orange.
2010 NFC Pro Bowl Roster Stats
Can you name the 2010 NFC Pro Bowl Roster?
By
jmb_baseball11
7m
42 Questions
276 Plays
276 Plays
276 Plays
Comments
Comments
Give Quiz Kudos
Give Quiz Kudos
-
- Ratings
hide this ad
More Info
Replay
Link that replays current quiz
Next Quiz
Link to next quiz in quiz playlist
You Got
0%
They Got
Avg Score
69%
Avg Friend Score
Upgrade to see
Score Distribution
Jump to the score distribution portion of the page
Score
0/42
Timer
07:00
0
Plays Today
Position
Player
% Correct
QB
Drew Brees
100%
QB
Brett Favre
99.3%
QB
Aaron Rodgers
99.3%
RB
Adrian Peterson
98.9%
RB
Steven Jackson
97.8%
WR
DeSean Jackson
97.8%
WR
Larry Fitzgerald
96.7%
RB
DeAngelo Williams
96%
T
Jason Peters
95.7%
DT
Kevin Williams
94.2%
WR
Miles Austin
92.4%
TE
Jason Witten
90.2%
WR
Sidney Rice
88.8%
TE
Vernon Davis
87%
G
Leonard Davis
85.9%
DE
Jared Allen
82.6%
DE
Julius Peppers
82.6%
OLB
DeMarcus Ware
80.8%
CB
Charles Woodson
80.8%
K
David Akers
79%
MLB
Patrick Willis
73.6%
Position
Player
% Correct
CB
Asante Samuel
72.5%
S
Darren Sharper
66.3%
OLB
Lance Briggs
64.1%
G
Steve Hutchinson
61.6%
CB
Dominique Rodgers-Cromartie
61.2%
KR
Percy Harvin
61.2%
MLB
Jonathan Vilma
60.5%
S
Adrian Wilson
55.4%
FB
Leonard Weaver
51.1%
DT
Darnell Dockett
50.7%
DE
Trent Cole
47.8%
OLB
Brian Orakpo
46.7%
DT
Jay Ratliff
43.8%
C
Shaun O'Hara
43.1%
S
Nick Collins
40.6%
T
Bryant McKinnie
39.5%
C
Andre Gurode
38%
P
Andy Lee
38%
G
Jahri Evans
37.7%
T
Jonathan Stinchcomb
16.7%
Special Teamer
Heath Farwell
7.2%
Quiz Playlist
Details
Report
Send in Message
Add To Playlist
More Info:
How many players can you name from the 2010 NFC Pro Bowl roster?
Classic:
Type in answers that appear in a list
Quiz Source
Last Updated: Feb 16, 2017
Quiz Scoreboard
CHALLENGE
Sign Up to Join the Scoreboard
Show All
Scores
Hide
Comments
May contain spoilers
Recently Published
One Thing in Common: World Cities II
by knightlancer
Geography
7m
Popular People in 1961
by mucciniale
History
6m
1-10 Letter E Words III
by El_Dandy
Language
2m
More to Explore
Quiz From the Vault
Featured Blog Post
Where Did the Easter Bunny Come From?
hide this ad
You Might Also Like...
Tags
Football Quiz
2010
Bowl
nfc
Player
pro
Pro Bowl
Roster
team
Today's Top Quizzes in Sports
Browse Sports
hide this ad
Today's Top Quizzes in Football
Browse Football
Top Contributed Quizzes in Sports
1
Les meilleurs buteurs des matchs entre le PSG et l’OM
2
Les entraîneurs de l'OM et du PSG au 21e siècle
3
FIFA Club World Cup Champions
4
2022 World Cup Stars
5
Name the Premier League winners with different clubs
6
La finale Lions - Afrique du Sud 2021
7
Criteria MLB: Left Handed Sluggers
8
Players with Multiple 50 Home Run Seasons
9
MLB Players with Two .350 Batting Average Seasons
10
MLB Hall of Famer by Rings
Explore More
Trending Topics
Harry Potter
Marvel
Crossword
Disney
NBA
Anime
Kpop
Song
Country
WWE
The Office
NFL
Pokémon
Puzzle
Soccer
hide this ad
More By:
jmb_baseball11
Quiz
Plays
Rating
Category
Featured
Created
2010 NFC Pro Bowl Roster
276
4.75
Sports
Jan 7, 2010
2010 AFC Pro Bowl Roster
194
5.00
Sports
Jan 7, 2010
Go to Creator's Profile
Score Distribution
Quiz Creator Spotlight
jmb_baseball11
Follow
Send a Message
Quizzes Created
-
Created Quiz Play Count
-
More By This Creator
Popular Quizzes Today
1
Find the US States - No Outlines Minefield
2
Find the Countries of Europe - No Outlines Minefield
3
The Countries of the World
4
Popular People in 1961
5
1-10 Letter E Words III
6
Find the US States
7
One Thing in Common: World Cities II
8
US States
More Sports Quizzes
Edge & Christian's WWF Tag Team Championship Opponents
Quiz Lab
Trending Quizzes
Risky Map Clicking: Least Populous States A-Z
1-10 Letter F Words
1-10 Letter G Words
One Thing in Common: United Kingdom
Risky Map Clicking: Biggest States A-Z
Recently Updated
Leaping Animals
pecheneg
Reality TV Shows (A-Z)
bhenderson79
Rickey Henderson's Hall of Fame Teammates
pecheneg
Champions League XIs: Arsenal
pecheneg
Quick Pick: Celebrities in WWE's Hall of Fame
aduchscher
A-Z Keypad Blitz II
pecheneg
Multiple Oscar Actors
pecheneg
Mystery Phrase Blitz: Oscar 'Best Actors'
pecheneg
F. Scott Fitzgerald Novels
LTH
Pick 3 Villains
ddd62291
Trending Topics
Anime
NBA
Marvel
Kpop
Disney
Crossword
Harry Potter
Song
Puzzle
WWE
NFL
Pokémon
The Office
Soccer
Country
Your Account Isn't Verified!
In order to create a playlist on Sporcle, you need to verify the email address you used during registration. Go to your
Sporcle Settings
to finish the process.
Report this User
Report this user for behavior that violates our
Community Guidelines
.
Details:
Send Report
Go to the Sporcle.com Mobile Site →
Comments